Biggest U.S. Cities if the NYC Boroughs Were Independent - Statistics

General Stats
  • This quiz has been taken 94 times
  • The average score is 15 of 20
Answer Stats
Population City % Correct
2,590,516 Brooklyn
98%
2,278,029 Queens
96%
3,822,238 Los Angeles
95%
1,379,946 Bronx
94%
1,596,273 Manhattan
94%
2,665,039 Chicago
89%
1,299,544 Dallas
87%
2,302,878 Houston
86%
808,437 San Francisco
80%
1,567,258 Philadelphia
78%
1,644,409 Phoenix
74%
749,256 Seattle
71%
1,381,162 San Diego
69%
974,447 Austin
68%
1,472,909 San Antonio
62%
897,720 Charlotte
58%
907,971 Columbus
56%
971,319 Jacksonville
55%
880,621 Indianapolis
49%
971,233 San Jose
49%
No matching quizzes found
Score Distribution
Percent of People with Each Score
Percentile by Number Answered
Your Score History
You have not taken this quiz